000
00219 a2200097 4500
020
_a
090129003259
041
_a
spa
100
_a
Stan E y Jan Berenstain
245
_a
Pajaritos,Abejitas y los osos Berenstain
942
_c
K
999
_c
28100
_d
28100